[Event "2nd IMSA Basque 2017-Women"]
[Site "Huaian"]
[Date "2017.12.15"]
[Round "5"]
[White "Ushenina, Anna"]
[Black "Lagno, Kateryna"]
[Result "1/2-1/2"]
[WhiteElo "2416"]
[BlackElo "2547"]
[Annotator "TA"]
[PlyCount "115"]
[EventDate "2017.??.??"]
[EventType "tourn"]
[EventCountry "CHN"]
[SourceTitle "playchess.com"]
[Source "ChessBase"]
[SourceQuality "1"]

{[%evp 9,115,0,0,0,0,0,0,0,45,51,73,65,77,73,72,69,71,-61,-37,-40,0,0,77,69,98,91,97,55,50,37,163,176,167,156,204,138,167,177,261,109,204,152,168,63,67,56,139,135,118,79,74,53,81,42,72,34,39,14,75,-6,12,6,6,9,9,4,8,9,9,8,22,0,0,0,0,-4,0,0,9,-4,-3,-8,10,-9,125,0,0,-14,0,0,0,0,0,0,0,0,0,0,0,0,0,0,0,0,0,0,0,0]} 1. Nf3 Nf6 2. c4 c5 3. Nc3 Nc6 4. e3 e6 5. b3 (5. d4 d5 6. cxd5 exd5 7. Bb5 cxd4 8. Nxd4 Bd7 9. O-O Bd6 10. Nf3 Be6 11. b3 O-O 12. Bb2 a6 13. Bd3 Bg4 14. h3 Bh5 15. Be2 Re8 16. Nh4 Bg6 17. Nxg6 hxg6 {½-½ (56) Carlsen,M (2832)-Grischuk,A (2750) chess.com INT 2017}) 5... d5 6. cxd5 {A34: Symmetrical English: 2 Nc3, lines with ...d5} exd5 7. Bb2 d4 8. Na4 $146 ({Predecessor:} 8. exd4 cxd4 9. Qe2+ Be7 10. Ne4 O-O 11. a3 Re8 12. O-O-O Nxe4 13. Qxe4 Bxa3 {½-½ (37) Vasilev,S (1546)-Brassoi Tarnovszki,A (1644) Budapest 2014}) 8... d3 9. Rc1 Ne4 {[#]} 10. Ne5 $1 Nxe5 11. Bxe5 Qd5 12. Ba1 b6 13. f3 (13. Nb2 $16) 13... Qh5 $1 $15 {[%cal Rh5h4] [#] ...Qh4+ is the strong threat.} 14. Rc4 $1 {[%cal Rc4e4]} ({Not} 14. fxe4 $2 Bg4 $17) 14... Nd6 (14... Ng3 $5 15. hxg3 Qxh1 $17) 15. Rf4 Ba6 (15... Be7 $11) 16. Qb1 Qg6 17. Rg4 $36 {[%mdl 2048] White is on the roll.} Qf5 18. e4 Qd7 19. Bxd3 Bxd3 (19... Nb5 $1 $14 20. Bf1 (20. Bxg7 $2 Bxg7 21. Rxg7 Na3 $19) 20... f6) 20. Qxd3 $18 c4 21. Qd5 Rd8 22. O-O cxb3 23. axb3 Rg8 (23... Qe6 $142 24. Nc3 (24. Bxg7 Qxd5 25. exd5 Bxg7 $18) 24... Rc8) 24. Rc1 (24. Qh5 $18 {is more deadly.} Nc8 25. Qxh7) 24... Qe6 (24... Nb5 $16) 25. Qc6+ Qd7 26. d4 ({White should play} 26. Qc2 $18) 26... Qxc6 $14 27. Rxc6 f6 (27... f5 $14 28. exf5 Be7) 28. d5 $16 Be7 29. e5 fxe5 30. Bxe5 {Threatens to win with Nc3.} Nf7 31. Re4 {Hoping for d6.} Rxd5 32. Bb8 Rd7 33. Nc3 Ng5 (33... Nd8 $1 $11 {keeps the balance.} 34. Rc8 Kf7) 34. Rf4 (34. Re5 $16) 34... Bc5+ 35. Kf1 {Black must now prevent Bxa7!} Ke7 36. Be5 Nf7 37. Re4 Nxe5 38. Rxe5+ Kd8 39. Ne4 Bd4 (39... Be7 {looks sharper.} 40. Ke2 Rf8 41. g3 Rf7 42. f4 Rd4) 40. Ree6 {And now Nd6 would win.} (40. Rh5 {with more complications.} Rh8 41. Nd6 Ke7 42. Nf5+ Kd8 43. Rh4) 40... Re8 41. Rxe8+ Kxe8 $11 {[%mdl 4096] Endgame KRB-KRN} 42. Ke2 Ke7 43. h4 a5 44. g4 Rd5 45. h5 h6 46. Ng3 Bf6 (46... Kd7 $11 47. Rc2 Bf6) 47. Ne4 (47. Rxb6 $16 Kd7 48. Ne4) 47... Rb5 {The position is equal.} 48. Nd2 Bg5 49. Rc7+ Kf8 50. Rc8+ Kf7 51. Rc7+ Kg8 52. Rc8+ Kf7 53. Rc7+ Kf8 54. Rc8+ Kf7 55. Rc7+ Kf8 56. Rc8+ Kf7 57. Rc7+ Kf8 58. Rc8+ {Precision: White = 45%, Black = 45%.} 1/2-1/2